| 000 | 00765nam a2200205 a 4500 | ||
|---|---|---|---|
| 001 | 000040135 | ||
| 005 | 20201002033935.0 | ||
| 008 | 130808s1993 sp 000 0 spa d | ||
| 020 | _a8475099157 | ||
| 040 |
_aDO-SdBNP _bspa _cBNPHU |
||
| 240 | 0 | 0 |
_aThéories du nationalisme. Nation, nationalite _lEspañol |
| 245 | 0 | 0 |
_aTeorías del nacionalismo / _cCompiladores Gil Delannoi, Pierre-André Taguieff ; traducción de Antonio López Ruiz. |
| 260 |
_aBarcelona : _bEdiciones Paidós, _c1993. |
||
| 300 |
_a474 ; _c24 cm. |
||
| 500 | _aIncluye notas al pie de las páginas | ||
| 500 | _aTraducido del idioma fránces | ||
| 700 | 1 |
_aTaguieff, Pierre-André, _ecomp. _966403 |
|
| 700 | 1 |
_aDelannoi, Gil, _ecomp. _966404 |
|
| 700 | 1 |
_aLópez Ruiz, Antonio, _etrad. _945666 |
|
| 999 |
_c39625 _d39625 |
||